| 000 | 00811cam a22002774a 4500 | ||
|---|---|---|---|
| 942 | _cBK | ||
| 999 |
_c652 _d652 |
||
| 001 | 13711243 | ||
| 003 | OSt | ||
| 005 | 20250420134820.0 | ||
| 008 | 040907s2004 paua b 001 0 eng | ||
| 010 | _a 2004058697 | ||
| 020 | _a9781930699458 | ||
| 040 |
_aDLC _cKCST |
||
| 042 | _apcc | ||
| 050 | 0 | 0 |
_aHD69.P75 _bG845 2004 |
| 082 | 0 | 0 |
_a658.404 _222 |
| 245 | 0 | 2 | _aA guide to the project management body of knowledge (PMBOK guide). |
| 246 | 3 | 0 | _aPMBOK guide |
| 250 | _a3rd ed. | ||
| 260 |
_aNewtown Square, Pa. : _bProject Management Institute, Inc., _cc2004. |
||
| 300 |
_aviii, 388 p. : _bill. ; _c28 cm. |
||
| 504 | _aIncludes bibliographical references (p. 345-346) and index. | ||
| 650 | 0 |
_aProject management. _933 |
|
| 710 | 2 |
_aProject Management Institute. _95208 |
|
| 942 | _2ddc | ||